Defensor's liber scintillarum : (Record no. 85787)
[ view plain ]
| 000 -LEADER | |
|---|---|
| fixed length control field | 01295pam a2200313 a 4500 |
| 001 - CONTROL NUMBER | |
| control field | 85787 |
| 003 - CONTROL NUMBER IDENTIFIER | |
| rucl marc code | BD-RjUL |
| 005 - DATE AND TIME OF LATEST TRANSACTION | |
| control field | 20251006120050.0 |
| 008 - FIXED-LENGTH DATA ELEMENTS--GENERAL INFORMATION | |
| fixed length control field | 870714r19871889nyu b 001 0 ang |
| 020 ## - INTERNATIONAL STANDARD BOOK NUMBER | |
| International Standard Book Number | 0527000922 (alk. paper) : |
| Terms of availability | $40.00 |
| International Standard Book Number | 9780527000929 |
| 035 ## - SYSTEM CONTROL NUMBER | |
| System control number | (BD-RjUL) 85787 |
| 040 ## - CATALOGING SOURCE | |
| Original cataloging agency | DLC |
| Transcribing agency | DLC |
| Modifying agency | DLC |
| Language of cataloging | eng |
| 041 0# - LANGUAGE CODE | |
| Language code of text/sound track or separate title | ang |
| -- | eng |
| -- | lat |
| 082 00 - DEWEY DECIMAL CLASSIFICATION NUMBER | |
| Classification number | 241/.0414 |
| Edition number | 19 |
| Author mark and year | DEF 1987 |
| 100 0# - MAIN ENTRY--PERSONAL NAME | |
| Personal name | Defensor, |
| Dates associated with a name | active 7th century. |
| 9 (RLIN) | 17058 |
| 245 10 - TITLE STATEMENT | |
| Title | Defensor's liber scintillarum : |
| Remainder of title | with an interlinear Anglo-Saxon version / |
| Statement of responsibility, etc. | edited by E.W. Rhodes. |
| 260 ## - PUBLICATION, DISTRIBUTION, ETC. (IMPRINT) | |
| Place of publication, distribution, etc. | Millwood, NY : |
| Name of publisher, distributor, etc. | Kraus Reprint, |
| Date of publication, distribution, etc. | 1987. |
| 300 ## - PHYSICAL DESCRIPTION | |
| Pagination | xvi, 250 p. ; |
| Size | 22 cm. |
| 490 1# - SERIES STATEMENT | |
| Series statement | Early English Text Society. Original series ; |
| Volume/sequential designation | 93 |
| 500 ## - GENERAL NOTE | |
| General note | Text in Anglo-Saxon and Latin, with introduction in English. |
| General note | Reprint. Originally published: London : Published for the Early English Text Society by N. Trübner, 1889. (Early English Text Society. Original series ; 93) |
| 504 ## - BIBLIOGRAPHY, ETC. NOTE | |
| Bibliography, etc | Includes bibliographical references and index. |
| 650 #0 - SUBJECT ADDED ENTRY--TOPICAL TERM | |
| Topical term or geographic name as entry element | Christian ethics |
| General subdivision | Early works to 1800. |
| 9 (RLIN) | 17059 |
| 700 1# - ADDED ENTRY--PERSONAL NAME | |
| Personal name | Rhodes, E. W. |
| 830 #0 - SERIES ADDED ENTRY--UNIFORM TITLE | |
| Uniform title | Early English Text Society (Series). |
| Volume number/sequential designation | 93. |
| 942 ## - ADDED ENTRY ELEMENTS (KOHA) | |
| Source of classification or shelving scheme | Dewey Decimal Classification |
| Koha item type | Books |
| Lost status | Source of classification or shelving scheme | Damaged status | Not for loan | Collection code | Permanent Location | Current Location | Shelving location | Date acquired | Total Checkouts | Full call number | Date last seen | Copy number | Koha item type |
|---|---|---|---|---|---|---|---|---|---|---|---|---|---|
| Dewey Decimal Classification | Not For Loan | Non-fiction | Central Library, University of Rajshahi | Central Library, University of Rajshahi | Reading Room | 06/10/2025 | 241/.0414 DEF 1987 | 06/10/2025 | C-2 | Books |